| 000 | nam a22 7a 4500 | ||
|---|---|---|---|
| 999 |
_c7182 _d7182 |
||
| 003 | OSt | ||
| 005 | 20181205151937.0 | ||
| 008 | 181129s2016 fr ||||gr|||||0|| |bfre|d | ||
| 020 | _a9782362200427 | ||
| 040 |
_aES-BaUAB _bcat _cCDMR |
||
| 080 | _a77 | ||
| 245 | 0 | 0 |
_aJazz _b: 100 photos for press freedom _c/ by photographers from Magnum Photos agency |
| 246 | 3 | _aJazz : one hundred photos for press freedom | |
| 260 |
_aParis : _bReporters sans Frontieres, _c2016 |
||
| 300 |
_a142 p. : _bfotografies ; _c30 cm |
||
| 490 |
_aReporters without borders ; _v53 |
||
| 650 | 4 |
_aLlibertat de premsa _xFotografies |
|
| 650 | 1 | 4 |
_aJazz _xFotografies |
| 710 | 2 | _aReporters sans frontières (Associació) | |
| 710 | 2 |
_aMagnum Photos _94636 |
|
| 942 |
_cMON _2udc |
||